Josephus' description of the essenes iIllustrated by the Dead Sea Scrolls (Record no. 25059)
[ view plain ]
| 000 -LEADER | |
|---|---|
| fixed length control field | 00651nam a2200205Ia 4500 |
| 008 - FIXED-LENGTH DATA ELEMENTS--GENERAL INFORMATION | |
| fixed length control field | 200830s9999||||xx |||||||||||||| ||und|| |
| 020 ## - INTERNATIONAL STANDARD BOOK NUMBER | |
| International Standard Book Number | 0521345243 |
| 020 ## - INTERNATIONAL STANDARD BOOK NUMBER | |
| International Standard Book Number | 9780521345248 |
| 041 ## - LANGUAGE CODE | |
| Language code of text/sound track or separate title | eng |
| 050 ## - LIBRARY OF CONGRESS CALL NUMBER | |
| Classification number | BM175.E8 |
| Item number | .B38 1988 |
| 100 ## - MAIN ENTRY--PERSONAL NAME | |
| Personal name | Beall, Todd S. |
| 245 #0 - TITLE STATEMENT | |
| Title | Josephus' description of the essenes iIllustrated by the Dead Sea Scrolls |
| Remainder of title | / |
| Statement of responsibility, etc. | Todd S Beall |
| 260 ## - PUBLICATION, DISTRIBUTION, ETC. | |
| Place of publication, distribution, etc. | Cambridge : |
| Name of publisher, distributor, etc. | Cambridge University Press, |
| Date of publication, distribution, etc. | 1988 |
| 300 ## - PHYSICAL DESCRIPTION | |
| Extent | 200 p. |
| Other physical details | ; |
| Dimensions | 23 cm. |
| 490 ## - SERIES STATEMENT | |
| Series statement | Society for New Testament Studies Monograph, 58 |
| 650 ## - SUBJECT ADDED ENTRY--TOPICAL TERM | |
| Topical term or geographic name entry element | Dead Sea scrolls |
| 650 ## - SUBJECT ADDED ENTRY--TOPICAL TERM | |
| Topical term or geographic name entry element | Essenes. |
| 650 ## - SUBJECT ADDED ENTRY--TOPICAL TERM | |
| Topical term or geographic name entry element | Josephus, Flavius.Dead Sea scrolls. |
| Withdrawn status | Lost status | Damaged status | Not for loan | Home library | Current library | Shelving location | Date acquired | Total Checkouts | Full call number | Barcode | Date last seen | Price effective from | Koha item type |
|---|---|---|---|---|---|---|---|---|---|---|---|---|---|
| GETS Theological Seminary Library | GETS Theological Seminary Library | General Stacks | 08/30/2020 | BM175.E8 .B38 1988 | 00012940 | 08/30/2020 | 08/30/2020 | English Books |